R v Thanet DC ex p Tapp and another (Record no. 67267)
[ view plain ]
| 000 -LEADER | |
|---|---|
| fixed length control field | 00983cam a2200181 4500 |
| 001 - CONTROL NUMBER | |
| control field | X113019 |
| 008 - FIXED-LENGTH DATA ELEMENTS--GENERAL INFORMATION | |
| fixed length control field | 000000n2001 000 0 eng u |
| 035 ## - SYSTEM CONTROL NUMBER | |
| System control number | (Sirsi) u113019 |
| 245 ## - TITLE STATEMENT | |
| Title | R v Thanet DC ex p Tapp and another |
| 260 ## - PUBLICATION, DISTRIBUTION, ETC. | |
| Date of publication, distribution, etc. | 2001 |
| 490 ## - SERIES STATEMENT | |
| Series statement | Property, Planning and Compensation Reports |
| Volume/sequential designation | [2001] 81 P&CR 520-532(13) |
| 520 ## - SUMMARY, ETC. | |
| Summary, etc. | QBD 6 July 2000. Town and country planning.Proposed change of use from military airfield to civilian airfield. Certificates for the lawfulness of proposed use issued. Potential for intensification of use when operated commercially. Whether error of law in failing to consider possibility of future intensification of use, Whether imposition of limitation on the certificates should have been considered [Taken from journal headnote] |
| 650 ## - SUBJECT ADDED ENTRY--TOPICAL TERM | |
| Topical term or geographic name entry element | R V THANET DC EX P TAPP AND ANOTHER |
| 650 ## - SUBJECT ADDED ENTRY--TOPICAL TERM | |
| Topical term or geographic name entry element | MATERIAL CHANGE OF USE |
| 650 ## - SUBJECT ADDED ENTRY--TOPICAL TERM | |
| Topical term or geographic name entry element | AIRFIELD |
| 690 ## - LOCAL SUBJECT ADDED ENTRY--TOPICAL TERM (OCLC, RLIN) | |
| Topical term or geographic name as entry element | ENVIRONMENTAL AND LAND CONSULTANCY-PLANNING AND DEVELOPMENT |
| 942 ## - ADDED ENTRY ELEMENTS (KOHA) | |
| Suppress in OPAC | 0 |
| Withdrawn status | Lost status | Source of classification or shelving scheme | Damaged status | Not for loan | Home library | Current library | Shelving location | Date acquired | Total Checkouts | Full call number | Barcode | Date last seen | Copy number | Price effective from | Koha item type |
|---|---|---|---|---|---|---|---|---|---|---|---|---|---|---|---|
| Dewey Decimal Classification | London | London | Journal article | 08/06/2001 | X113019. | 113019-1001 | 06/08/2019 | 1 | 06/08/2019 | Law report |